Allgemeinwissen-Quiz #14 - Statistiken

Allgemein
  • Dieses Quiz wurde 183 mal gespielt
  • Das Durchschnittsergebnis liegt bei 11 aus 20
Antwortstatistiken
Frage Antwort % Korrekt
Was verrät die Schleife, mit der die Schürze eines Dirndls traditionell gebunden ist? Den ehelichen Status der Trägerin
94%
Welches Programm passt nicht zu den anderen dreien? Photoshop
92%
Wie nennt man es im Baseball, wenn es einem Batter gelingt, nach einem eigenen Schlag alle vier Bases zu umrunden und mit dem Erreichen der Home Plate einen Punkt zu erzielen? Home Run
91%
Wie lautet das Ergebnis des folgenden Ausdrucks: 10 − 8 ÷ 2? 6
89%
Welche dieser Flaggen ist die des Libanon?
88%
Welches Teilchen hat eine positive Ladung und befindet sich im Atomkern? Proton
81%
Auf welchem der folgenden Bilder ist Okra (Okraschoten) zu sehen?
74%
Mit welcher Einheit wird der Lichtstrom gemessen? Lumen
72%
Wie heisst die Schreckgestalt aus dem Alpenraum, die in der Adventszeit gemeinsam mit dem Nikolaus auftritt, um unartige Kinder zu bestrafen? Krampus
70%
Auf welchem Bild ist eine Chevy Corvette zu sehen?
60%
Wer bewachte das Tor zur Unterwelt? Kerberos
57%
Welches im Jahr 1993 erschienene Videospiel gilt als Pionier des First-Person-Shooter-Genres? Doom
49%
Aus welchem Land stammt der Erstbesteiger des Mount Everest, Sir Edmund Hillary? Neuseeland
48%
Welcher heilige Berg in Tibet darf nicht bestiegen werden? Kailash
38%
Welche Farbe haben die Schuhe von Micky Maus? Gelb
31%
Für welches College spielte Quarterback Cam Ward in der College-Football-Saison 2024? (Tipp Miami)
27%
Welches Verfahren wird bei der Herstellung von Halbleitern für die präzise Strukturierung von Schaltkreisen verwendet? Fotolithografie
26%
Wie viele Einkerbungen hat ein Golfball? 300-450
22%
Was ist die Hauptzutat in traditionellen indischen Samosas? Kartoffeln und Erbsen
21%
Welches dieser Gemälde stammt von Pablo Picasso?
18%
Keine übereinstimmenden Quizze gefunden
Verteilung der Resultate
Anzahl Personen mit jedem Resultat
Perzentil nach korrekt beantworteten Fragen
Ihre Resultats-Entwicklung
Sie haben dieses Quiz noch nicht gespielt